Moral and value education : (Record no. 10602)

MARC details
000 -LEADER
fixed length control field 00502cam a2200193ua 4500
001 - CONTROL NUMBER
control field 11820
005 - DATE AND TIME OF LATEST TRANSACTION
control field 20260515114813.0
008 - FIXED-LENGTH DATA ELEMENTS--GENERAL INFORMATION
fixed length control field 191109n ii |||gr||||Z||||||eng
020 ## - INTERNATIONAL STANDARD BOOK NUMBER
International Standard Book Number 9788184574784
040 ## - CATALOGING SOURCE
Transcribing agency MAIN
082 ## - DEWEY DECIMAL CLASSIFICATION NUMBER
Classification number 370
100 ## - MAIN ENTRY--PERSONAL NAME
Personal name S.P Sharma . ,
Relator term Author.
245 ## - TITLE STATEMENT
Title Moral and value education :
Remainder of title principles and practices /
Statement of responsibility, etc. By S.P Sharma .
250 ## - EDITION STATEMENT
Edition statement 1st ed.
260 ## - PUBLICATION, DISTRIBUTION, ETC.
Place of publication, distribution, etc. New Delhi:
Name of publisher, distributor, etc. Kanishk publishers,
Date of publication, distribution, etc. 2013.
300 ## - PHYSICAL DESCRIPTION
Extent 205p.
653 ## - INDEX TERM--UNCONTROLLED
Uncontrolled term Education
942 ## - ADDED ENTRY ELEMENTS (KOHA)
Koha item type Books
Holdings
Withdrawn status Lost status Damaged status Not for loan Home library Current library Shelving location Date acquired Total checkouts Full call number Barcode Date last seen Copy number Price effective from Koha item type
        Naharkatiya College Library Naharkatiya College Library General stacks 09/19/2020   370Education | SHA 24609 09/19/2020 1 09/19/2020 Books